000 00960cab a2200265 4500
001 ABS59943
008 090401t1998 xxu||||| |||| 00| 0 eng d
035 _a(Sirsi) u90709
041 _aeng
245 _aChurch conservation: developments in the care of churches following the Newman report
260 _c1998
350 _a0
490 _aRICS Building Conservation Journal
_v(21) Winter 1998, 7-15(9)
520 _aA special feature on church conservation, including articles on projects at Bawdeswell Church in Norfolk, the Great West Door at York Minster and Houghton-on-the-Hill, Norfolk. Includes a list of publications for further reading and useful addresses.
650 _aBUILDING CONSERVATION
650 _aCHURCHES
650 _aECCLESIASTICAL BUILDINGS
650 _aHISTORIC BUILDINGS
650 _aNORFOLK
650 _aRESTORATION
650 _aYORK MINSTER
690 _aCONSERVATION
942 _n0
948 _c14/01/1999
999 _c57522
_d57522